000
00318nam a22001337a 4500
008
181206b xxu||||| |||| 00| 0 eng d
020
_a
9780205268238
041
_a
eng
080
_a
370
100
_a
49
101
_a
EDU
245
_a
Leadership In Counting And Distance Education
_c
Jones.C.C
942
_2
udc
_c
BK
999
_c
52964
_d
52964